[Event "Cappelle Open"]
[Site "Cappelle la Grande FRA"]
[Date "1989.??.??"]
[Round "?"]
[White "Georgiev, Krum I"]
[Black "Jacobs, Byron A"]
[Result "1-0"]
[WhiteElo "2485"]
[BlackElo "2350"]
[PlyCount "73"]
[EventDate "1989.02.??"]
[Source "www.chesslib.no"]
[SourceDate "2004.05.04"]

1. e4 e5 2. Nf3 Nc6 3. Bb5 a6 4. Bxc6 dxc6 5. d4 exd4 6. Qxd4 Qxd4 7. Nxd4 Bd7 8. Nc3 O-O-O 9. Be3 Bb4 10. Nde2 Re8 11. O-O-O f5 12. Bd4 Nf6 13. e5 Nd5 14. Nxd5 cxd5 15. Nf4 c6 16. h4 Rhg8 17. Rh3 Ba5 18. Re3 Be6 19. b3 Bd8 20. g3 g6 21. Kb1 b6 22. Bb2 Rg7 23. c4 dxc4 24. Rd6 Rge7 25. Rxc6+ Kb7 26. Rxe6 Rxe6 27. Nxe6 Rxe6 28. bxc4 f4 29. gxf4 Bxh4 30. Rh3 Bxf2 31. Rxh7+ Kc6 32. Kc2 b5 33. Kd3 Bg3 34. Rf7 Bf2 35. Bd4 bxc4+ 36. Kxc4 Bg3 37. a4 1-0

[Event "ROM Ch"]
[Site "Predeal"]
[Date "1988.??.??"]
[Round "13"]
[White "Nicolaide, Valeriu"]
[Black "Marin, Mihail"]
[Result "0-1"]
[WhiteElo "2355"]
[BlackElo "2480"]
[PlyCount "122"]
[EventDate "1988.??.??"]
[Source "www.chesslib.no"]
[SourceDate "2004.05.04"]

1. e4 e5 2. Nf3 Nc6 3. Bb5 a6 4. Bxc6 dxc6 5. d4 exd4 6. Qxd4 Qxd4 7. Nxd4 Bd7 8. Be3 O-O-O 9. Nc3 Bb4 10. O-O-O Bxc3 11. bxc3 Re8 12. Nb3 b6 13. Bd4 f6 14. f3 c5 15. Bf2 Nh6 16. g4 Nf7 17. Bg3 h5 18. h3 Rh7 19. Nd2 Reh8 20. Rhg1 Ng5 21. h4 Nh3 22. Rgf1 hxg4 23. f4 f5 24. exf5 Bxf5 25. Nc4 Rxh4 26. Bxh4 Rxh4 27. Ne3 Be4 28. f5 g3 29. f6 gxf6 30. Rxf6 g2 31. Rf8+ Kb7 32. Rg8 Nf4 33. Kd2 Rh2 34. Rg1 Rh1 35. Re1 Bc6 36. Rg4 Rh2 37. Rg1 Rh1 38. Re1 Nh3 39. Nxg2 Rh2 40. Re3 Bxg2 41. Rh4 Bc6+ 42. Kc1 Rh1+ 43. Kb2 Nf2 44. Rxh1 Nxh1 45. Re5 Nf2 46. Kc1 Ne4 47. Kb2 Nd2 48. Rg5 Ba4 49. Rg4 Bd7 50. Rf4 Be6 51. Rf6 Bd5 52. Rh6 Nc4+ 53. Kc1 Nd6 54. Kb2 Kc6 55. Rh7 Bf7 56. Rg7 Kb5 57. Rh7 c6 58. Rh4 Nc4+ 59. Kb3 Ne3+ 60. c4+ Nxc4 61. Rf4 Bd5 0-1

[Event "Cacak-B"]
[Site "Cacak"]
[Date "1991.??.??"]
[Round "8"]
[White "Palkovi, Jozsef"]
[Black "Varga, Zoltan"]
[Result "1/2-1/2"]
[WhiteElo "2460"]
[BlackElo "2370"]
[PlyCount "42"]
[EventDate "1991.05.??"]
[Source "www.chesslib.no"]
[SourceDate "2004.05.04"]

1. e4 e5 2. Nf3 Nc6 3. Bb5 a6 4. Bxc6 dxc6 5. d4 exd4 6. Qxd4 Qxd4 7. Nxd4 Bd7 8. Be3 O-O-O 9. Nc3 Re8 10. O-O-O Bb4 11. Nde2 f5 12. exf5 Bxf5 13. a3 Bxc3 14. Nxc3 Nf6 15. Bd4 Ne4 16. Nxe4 Bxe4 17. f3 Bd5 18. Rhe1 Rxe1 19. Rxe1 Kd7 20. b3 Rg8 21. c4 Be6 1/2-1/2

[Event "Cappelle op"]
[Site "Cappelle la Grande"]
[Date "1999.??.??"]
[Round "9"]
[White "Fatalibekova, Elena"]
[Black "Hebden, Mark"]
[Result "0-1"]
[WhiteElo "2271"]
[BlackElo "2556"]
[PlyCount "106"]
[EventDate "1999.02.??"]
[Source "www.chesslib.no"]
[SourceDate "2004.05.04"]

1. e4 e5 2. Nf3 Nc6 3. Bb5 a6 4. Bxc6 dxc6 5. d4 exd4 6. Qxd4 Qxd4 7. Nxd4 Bd7 8. Be3 O-O-O 9. Nd2 Re8 10. O-O-O Nf6 11. f3 c5 12. Ne2 Nd5 13. Bf2 Nb4 14. a3 Nc6 15. Rhe1 b6 16. Nc4 g6 17. Nc3 b5 18. Ne3 Bg7 19. Ncd5 Be6 20. Bg3 Ne5 21. h3 c4 22. f4 Nd7 23. Nxc7 Kxc7 24. f5+ Be5 25. Bxe5+ Nxe5 26. fxe6 Rxe6 27. Nd5+ Kb7 28. Nf4 Rc6 29. Rd5 Re8 30. Ne2 Rf6 31. Nc3 Rf2 32. Rd2 Rxd2 33. Kxd2 Kc6 34. Rf1 Re6 35. g4 g5 36. Ke3 Rh6 37. Ke2 Rxh3 38. Rf6+ Kc5 39. Rxa6 Rh2+ 40. Kd1 Nxg4 41. Ra5 Ne3+ 42. Kc1 g4 43. Rxb5+ Kc6 44. Rg5 h6 45. Rg7 h5 46. Nd5 Nxd5 47. exd5+ Kxd5 48. a4 Kc5 49. a5 Kb5 50. Rg5+ Ka6 51. b4 cxb3 52. cxb3 f6 53. Rg6 Kxa5 0-1

[Event "Buenos Aires ITT"]
[Site "Buenos Aires ARG"]
[Date "1992.??.??"]
[Round "11"]
[White "Tempone, Marcelo J"]
[Black "Darcyl, Tomas"]
[Result "1/2-1/2"]
[WhiteElo "2455"]
[BlackElo "2365"]
[PlyCount "20"]
[EventDate "1992.??.??"]
[Source "www.chesslib.no"]
[SourceDate "2004.05.04"]

1. e4 e5 2. Nf3 Nc6 3. Bb5 a6 4. Bxc6 dxc6 5. d4 exd4 6. Qxd4 Qxd4 7. Nxd4 Bd7 8. Nc3 O-O-O 9. Be3 f6 10. O-O-O Ne7 1/2-1/2

[Event "JUG Team Ch"]
[Site "Zlatibor"]
[Date "1989.??.??"]
[Round "?"]
[White "Arapovic, Vitomir"]
[Black "Todorovic, Milorad"]
[Result "1/2-1/2"]
[WhiteElo "2410"]
[BlackElo "2410"]
[PlyCount "90"]
[EventDate "1989.??.??"]
[Source "www.chesslib.no"]
[SourceDate "2004.05.04"]

1. e4 e5 2. Nf3 Nc6 3. Bb5 a6 4. Bxc6 dxc6 5. d4 exd4 6. Qxd4 Qxd4 7. Nxd4 Bd7 8. Nc3 O-O-O 9. Bg5 f6 10. Be3 Bb4 11. Nde2 Ne7 12. O-O-O Ng6 13. a3 Bd6 14. f3 Rhe8 15. Bf2 Nf4 16. Nxf4 Bxf4+ 17. Kb1 Be6 18. Bg3 Be3 19. Rhe1 Bd2 20. Rh1 Bxc3 21. bxc3 c5 22. h4 b6 23. h5 Rxd1+ 24. Rxd1 Bf7 25. Rh1 Kb7 26. Bf4 Bc4 27. Re1 f5 28. Re3 fxe4 29. Rxe4 Rxe4 30. fxe4 Bf1 31. g3 Be2 32. Be5 Bxh5 33. Bxg7 Kc6 34. Kb2 Bg6 35. e5 Kd5 36. Bf6 b5 37. Bd8 c6 38. Bf6 Bf5 39. Kc1 Ke4 40. e6 Bxe6 41. Be7 Kf3 42. Bd6 h5 43. Kb2 a5 44. Bc7 Bd5 45. Bd6 Be4 1/2-1/2

[Event "Manresa"]
[Site "Manresa"]
[Date "1995.??.??"]
[Round "5"]
[White "Pomes Marcet, Juan"]
[Black "Pablo Marin, Alejandro"]
[Result "1/2-1/2"]
[WhiteElo "2425"]
[BlackElo "2390"]
[PlyCount "38"]
[EventDate "1995.06.??"]
[Source "ChessBase"]

1. e4 e5 2. Nf3 Nc6 3. Bb5 a6 4. Bxc6 dxc6 5. d4 exd4 6. Qxd4 Qxd4 7. Nxd4 Bd7 8. Be3 O-O-O 9. Nc3 Bb4 10. Nde2 Re8 11. O-O-O f5 12. Bd4 Re7 13. f3 Bd6 14. Ng3 Nh6 15. Kb1 Rhe8 16. a3 g6 17. Bf6 Re6 18. Bg7 Nf7 19. Bd4 R6e7 1/2-1/2

[Event "13. Raika Open"]
[Site "Feffernitz"]
[Date "2004.08.17"]
[Round "3.1"]
[White "Neulinger, Manfred"]
[Black "Timoscenko, Genadij"]
[Result "0-1"]
[WhiteElo "2310"]
[BlackElo "2504"]
[PlyCount "112"]
[EventDate "2004.08.15"]
[Source "Roberto Alvarez"]
[SourceDate "2004.08.30"]

1. e4 e5 2. Nf3 Nc6 3. Bb5 a6 4. Bxc6 dxc6 5. d4 exd4 6. Qxd4 Qxd4 7. Nxd4 Bd7 8. Nc3 O-O-O 9. Bf4 Bb4 10. Nde2 Ne7 11. a3 Bc5 12. Bg3 Ng6 13. f4 f5 14. e5 Rhe8 15. Bf2 Bf8 16. h4 h5 17. Be3 Be7 18. g3 c5 19. Kf2 Bc6 20. Rhd1 Nf8 21. Rxd8+ Rxd8 22. Ke1 Ne6 23. Rd1 Rxd1+ 24. Kxd1 Kd7 25. Kd2 b5 26. Nd1 Bf3 27. b3 c4 28. bxc4 Bxa3 29. cxb5 axb5 30. Ndc3 c6 31. Nd4 Nxd4 32. Bxd4 Ke6 33. Ke3 Bg2 34. Ba7 Bc1+ 35. Ke2 Ba3 36. Ke3 Bb2 37. Kd2 Bf1 38. Nd1 Ba3 39. Ne3 Bh3 40. Bb6 g6 41. Ba7 Bg4 42. Nxg4 hxg4 43. Kd3 Kd5 44. Bb8 Bc5 45. Ke2 Bb4 46. Bc7 c5 47. Bd6 Ba5 48. Bf8 c4 49. Kd1 b4 50. Be7 b3 51. cxb3 cxb3 52. Bg5 Be1 53. h5 gxh5 54. Bh4 Ke6 55. Kc1 Bb4 56. Kb2 Be7 0-1

[Event "8th Open"]
[Site "Voronezh"]
[Date "2004.06.19"]
[Round "8"]
[White "Chadaev, Nikolay"]
[Black "Gavrilov, Alexei"]
[Result "0-1"]
[WhiteElo "2370"]
[BlackElo "2437"]
[PlyCount "82"]
[EventDate "2004.06.12"]
[Source "Roberto Alvarez"]
[SourceDate "2004.07.05"]

1. e4 e5 2. Nf3 Nc6 3. Bb5 a6 4. Bxc6 dxc6 5. d4 exd4 6. Qxd4 Qxd4 7. Nxd4 Bd7 8. Nc3 O-O-O 9. Be3 Ne7 10. O-O-O Ng6 11. f3 Re8 12. Rhe1 Bd6 13. g3 Ne5 14. Bf4 f6 15. Bxe5 Rxe5 16. a3 g6 17. Rd2 Re7 18. Nde2 h5 19. Nf4 Rg8 20. Nd3 g5 21. Rde2 Rge8 22. Nd1 b6 23. Kd2 Rf7 24. e5 fxe5 25. Nxe5 Bxe5 26. Rxe5 Rd8 27. Ke2 c5 28. Ne3 Bc6 29. Rf5 Bb5+ 30. Kf2 Rd2+ 31. Kg1 Rxf5 32. Nxf5 Rxc2 33. Ne7+ Kd7 34. b4 cxb4 35. axb4 Be2 36. Ng6 Kd6 37. f4 gxf4 38. Nxf4 Bf3 39. Re6+ Kd7 40. Re5 Rb2 41. Nd3 Rg2+ 0-1

[Event "After Holidays GM"]
[Site "Tel Aviv"]
[Date "2003.10.20"]
[Round "2"]
[White "Zak, Uriel"]
[Black "Khmelniker, Ilya"]
[Result "0-1"]
[WhiteElo "2356"]
[BlackElo "2451"]
[PlyCount "86"]
[EventDate "2003.10.19"]
[Source "Roberto Alvarez"]
[SourceDate "2003.11.03"]

1. e4 e5 2. Nf3 Nc6 3. Bb5 a6 4. Bxc6 dxc6 5. d4 exd4 6. Qxd4 Qxd4 7. Nxd4 Bd7 8. Be3 O-O-O 9. Nd2 f6 10. O-O-O Ne7 11. Nb1 Ng6 12. f3 Bd6 13. b3 Rde8 14. Rd2 c5 15. Ne2 f5 16. Nec3 Bc6 17. exf5 Rxe3 18. fxg6 hxg6 19. Re2 Rxe2 20. Nxe2 Rxh2 21. Rxh2 Bxh2 22. Kd2 g5 23. Ke3 g4 24. Nd2 gxf3 25. Nxf3 Bd6 26. Nf4 Be8 27. Ne6 Bg6 28. Kd2 Kd7 29. Nxg7 Bg3 30. Ke3 Ke7 31. Ng5 Kf6 32. Nh5+ Kxg5 33. Nxg3 Bxc2 34. Ne4+ Bxe4 35. Kxe4 Kg4 36. Kd5 Kg3 37. Kxc5 Kxg2 38. Kd5 Kf3 39. a4 Ke3 40. Ke6 Kd4 41. Kd7 c5 42. a5 c4 43. bxc4 Kxc4 0-1

[Event "FRA-ch"]
[Site "Meribel"]
[Date "1998.08.27"]
[Round "14"]
[White "Guigonis, Dominique"]
[Black "Chabanon, Jean Luc"]
[Result "1/2-1/2"]
[WhiteElo "2315"]
[BlackElo "2490"]
[PlyCount "87"]
[EventDate "1998.08.14"]
[Source "ChessBase"]
[SourceDate "1998.11.30"]

1. e4 e5 2. Nf3 Nc6 3. Bb5 a6 4. Bxc6 dxc6 5. d4 exd4 6. Qxd4 Qxd4 7. Nxd4 Bd7 8. Nc3 O-O-O 9. Bg5 f6 10. Be3 Bb4 11. O-O-O Bxc3 12. bxc3 Ne7 13. Bf4 c5 14. Nb3 b6 15. h4 a5 16. h5 a4 17. Nd2 Be6 18. f3 Bxa2 19. c4 a3 20. Rhe1 Nc6 21. Re3 Nd4 22. Rde1 Bb1 23. Rxa3 Nxc2 24. Ra8+ Kb7 25. Rxd8 Rxd8 26. Rh1 Na3 27. Nxb1 Nxc4 28. Nd2 Na5 29. e5 fxe5 30. Bxe5 Rxd2 31. Kxd2 Nc4+ 32. Kc3 Nxe5 33. Re1 Nc6 34. Re8 b5 35. Rg8 b4+ 36. Kd2 c4 37. Rxg7 c3+ 38. Kd3 h6 39. f4 Nd4 40. Rd7 Ne6 41. Kc2 Kc6 42. Rd1 Nxf4 43. g4 Ne6 44. Rg1 1/2-1/2

[Event "Lloyds Bank Open"]
[Site "London ENG"]
[Date "1987.??.??"]
[Round "2"]
[White "Stefansson, Hannes H"]
[Black "Littlewood, Paul E"]
[Result "0-1"]
[WhiteElo "2335"]
[BlackElo "2470"]
[PlyCount "72"]
[EventDate "1987.??.??"]
[Source "www.chesslib.no"]
[SourceDate "2004.05.04"]

1. e4 e5 2. Nf3 Nc6 3. Bb5 a6 4. Bxc6 dxc6 5. d4 exd4 6. Qxd4 Qxd4 7. Nxd4 Bd7 8. Be3 O-O-O 9. Nd2 g6 10. O-O-O Bg7 11. N4f3 Nh6 12. h3 Rhe8 13. g4 Be6 14. Ng5 Bxa2 15. Nxh7 a5 16. b3 a4 17. bxa4 b6 18. Bg5 Rd6 19. f4 Rh8 20. e5 Rd4 21. Nf6 Rxa4 22. Kb2 Kb7 23. Nb3 Rha8 24. Rd7 Bf8 25. Nh7 Bb4 26. Ra1 Ng8 27. c3 Ra3 28. cxb4 Rxb3+ 29. Kc2 Rxh3 30. Bd8 Rh2+ 31. Kc1 Rh1+ 32. Kb2 Rh2+ 33. Kc1 Rxh7 34. Bxc7 Rh1+ 35. Kb2 Rxa1 36. Bd6+ Ka6 0-1

[Event "Capablanca Mem Premier I"]
[Site "?"]
[Date "2003.05.11"]
[Round "6"]
[White "Perez Rodney"]
[Black "Gomez Felix"]
[Result "1/2-1/2"]
[WhiteElo "2403"]
[BlackElo "2401"]
[PlyCount "20"]
[EventDate "2003.??.??"]
[Source "www.chesslib.no"]
[SourceDate "2004.05.04"]

1. e4 e5 2. Nf3 Nc6 3. Bb5 a6 4. Bxc6 dxc6 5. d4 exd4 6. Qxd4 Qxd4 7. Nxd4 Bd7 8. Nc3 O-O-O 9. Be3 Nf6 10. f3 Bb4 1/2-1/2

[Event "Sagua la Grande"]
[Site "Sagua la Grande"]
[Date "1989.??.??"]
[Round "9"]
[White "Arencibia, Walter"]
[Black "Estevez, Guillermo"]
[Result "1/2-1/2"]
[WhiteElo "2395"]
[BlackElo "2405"]
[PlyCount "20"]
[EventDate "1989.??.??"]
[Source "www.chesslib.no"]
[SourceDate "2004.05.04"]

1. e4 e5 2. Nf3 Nc6 3. Bb5 a6 4. Bxc6 dxc6 5. d4 exd4 6. Qxd4 Qxd4 7. Nxd4 Bd7 8. Be3 O-O-O 9. Nc3 Re8 10. O-O-O Bb4 1/2-1/2

[Event "XVII Torre Memorial"]
[Site "?"]
[Date "2004.12.14"]
[Round "2"]
[White "Arribas Maritza"]
[Black "Hernandez Holden"]
[Result "0-1"]
[WhiteElo "2325"]
[BlackElo "2473"]
[PlyCount "54"]
[EventDate "2004.??.??"]
[Source "www.chesslib.no"]
[SourceDate "2004.05.04"]

1. e4 e5 2. Nf3 Nc6 3. Bb5 a6 4. Bxc6 dxc6 5. d4 exd4 6. Qxd4 Qxd4 7. Nxd4 Bd7 8. Be3 O-O-O 9. Nd2 c5 10. Ne2 b6 11. f3 g6 12. Kf2 Bg7 13. c3 f5 14. Ng3 fxe4 15. Ndxe4 h6 16. Rhd1 Ne7 17. a4 a5 18. b3 Be6 19. Rxd8+ Rxd8 20. Rb1 c4 21. b4 axb4 22. cxb4 Nd5 23. Bc1 Bf5 24. b5 Bd4+ 25. Kf1 Nc3 26. Rb4 Bc5 27. Nxc5 bxc5 0-1

[Event "JUG Ch sf"]
[Site "Nis YUG"]
[Date "1995.??.??"]
[Round "?"]
[White "Djoric, Dusan"]
[Black "Petronic, Jovan"]
[Result "1/2-1/2"]
[WhiteElo "2345"]
[BlackElo "2450"]
[PlyCount "90"]
[EventDate "1995.??.??"]
[Source "www.chesslib.no"]
[SourceDate "2004.05.04"]

1. e4 e5 2. Nf3 Nc6 3. Bb5 a6 4. Bxc6 dxc6 5. d4 exd4 6. Qxd4 Qxd4 7. Nxd4 Bd7 8. Be3 O-O-O 9. Nd2 c5 10. Ne2 Re8 11. O-O-O Nf6 12. f3 Nd5 13. Bf2 Bb5 14. Rde1 Bxe2 15. exd5 Bd6 16. Bg3 f5 17. Nb1 Bb5 18. Nc3 Bd7 19. Kd2 b5 20. a3 a5 21. b3 b4 22. Nd1 f4 23. Bf2 Rhf8 24. c4 c6 25. dxc6 Bf5 26. axb4 axb4 27. Kc1 Kc7 28. Nb2 Kxc6 29. Rxe8 Rxe8 30. Re1 Ra8 31. Na4 Bd3 32. Nb2 Bf5 33. Na4 Bd3 34. Nb2 Ra1+ 35. Kd2 Rxe1 36. Bxe1 Bf1 37. g3 Be5 38. Nd1 g5 39. g4 Kd6 40. Nf2 h6 41. Ne4+ Kc6 42. Bf2 Bd6 43. Nxd6 Kxd6 44. h4 Kc6 45. h5 Kd6 1/2-1/2

[Event "Kecskemet"]
[Site "Kecskemet HUN"]
[Date "1979.??.??"]
[Round "5"]
[White "Rajna, George"]
[Black "Lukacs, Peter"]
[Result "1/2-1/2"]
[WhiteElo "2370"]
[BlackElo "2420"]
[PlyCount "21"]
[EventDate "1979.??.??"]
[Source "www.chesslib.no"]
[SourceDate "2004.05.04"]

1. e4 e5 2. Nf3 Nc6 3. Bb5 a6 4. Bxc6 dxc6 5. d4 exd4 6. Qxd4 Qxd4 7. Nxd4 Bd7 8. Be3 O-O-O 9. Nd2 Ne7 10. O-O-O f5 11. Rhe1 1/2-1/2

[Event "BUL Ch"]
[Site "Elenite"]
[Date "1987.??.??"]
[Round "3"]
[White "Georgiev, Krum I"]
[Black "Dolmadjan, Arshak"]
[Result "1-0"]
[WhiteElo "2470"]
[BlackElo "2320"]
[PlyCount "85"]
[EventDate "1987.??.??"]
[Source "www.chesslib.no"]
[SourceDate "2004.05.04"]

1. e4 e5 2. Nf3 Nc6 3. Bb5 a6 4. Bxc6 dxc6 5. d4 exd4 6. Qxd4 Qxd4 7. Nxd4 Bd7 8. Be3 Nf6 9. f3 O-O-O 10. Nd2 Bd6 11. O-O-O c5 12. Ne2 Rhe8 13. Nf4 Bf8 14. h4 h5 15. Nd3 b6 16. Bg5 Be7 17. Ne5 Rf8 18. Nxd7 Rxd7 19. Nc4 Rxd1+ 20. Rxd1 Ng8 21. a4 Bxg5+ 22. hxg5 a5 23. Rh1 g6 24. Ne5 Ne7 25. g4 hxg4 26. Nxg4 Nc6 27. f4 Nd4 28. Kd2 Rd8 29. Rh7 Rd7 30. Nf6 Re7 31. c3 Nc6 32. Ke3 c4 33. Rh8+ Kb7 34. Rf8 Ka6 35. Re8 b5 36. Rxe7 Nxe7 37. Kd4 bxa4 38. Nd5 Nc8 39. Nxc7+ Kb6 40. Nd5+ Kb5 41. Ne3 a3 42. bxa3 Nb6 43. f5 1-0

[Event "BUL-ch 65th"]
[Site "Tsarevo"]
[Date "2001.05.19"]
[Round "9"]
[White "Georgiev, Krum"]
[Black "Karakehajov, Kalin"]
[Result "1/2-1/2"]
[WhiteElo "2510"]
[BlackElo "2280"]
[PlyCount "85"]
[EventDate "2001.05.11"]
[Source "ChessBase"]
[SourceDate "2001.07.03"]

1. e4 e5 2. Nf3 Nc6 3. Bb5 a6 4. Bxc6 dxc6 5. d4 exd4 6. Qxd4 Qxd4 7. Nxd4 Bd7 8. Nc3 O-O-O 9. Be3 Ne7 10. O-O-O Ng6 11. f3 Ne5 12. Kb1 h6 13. Nde2 Nc4 14. Bf2 c5 15. Bg3 Ne3 16. Rdg1 Bb5 17. Kc1 Bd6 18. Bf4 Bxf4 19. Nxf4 g5 20. Nfd5 Nxd5 21. Nxd5 Rhe8 22. Ne3 h5 23. Rd1 h4 24. Rxd8+ Rxd8 25. Rd1 Rxd1+ 26. Kxd1 Kd7 27. Ke1 Bc6 28. Kf2 b5 29. Nf5 b4 30. Ke3 a5 31. a3 Bb5 32. Nh6 Bc4 33. f4 gxf4+ 34. Kxf4 bxa3 35. bxa3 Kc6 36. Nf5 Kb5 37. Nxh4 Ka4 38. Nf5 Kxa3 39. h4 f6 40. Ne7 a4 41. h5 Kb4 42. h6 a3 43. h7 1/2-1/2

[Event "ARG-ch"]
[Site "Quilmes"]
[Date "1980.??.??"]
[Round "9"]
[White "Borghi, Humberto"]
[Black "Hase, Juan Carlos"]
[Result "1/2-1/2"]
[WhiteElo "2395"]
[BlackElo "2395"]
[PlyCount "22"]
[EventDate "1980.??.??"]
[Source "ChessBase"]

1. e4 e5 2. Nf3 Nc6 3. Bb5 a6 4. Bxc6 dxc6 5. d4 exd4 6. Qxd4 Qxd4 7. Nxd4 Bd7 8. Be3 O-O-O 9. Nd2 f6 10. O-O-O Ne7 11. f3 Ng6 1/2-1/2

[Event "Ch Uzbekistan"]
[Site "Tashkent (Uzbekistan)"]
[Date "2007.05.12"]
[Round "2"]
[White "Galyamov Vildan (UZB)"]
[Black "Gareev Timur (UZB)"]
[Result "0-1"]
[WhiteElo "2238"]
[BlackElo "2551"]
[PlyCount "106"]
[EventDate "2007.??.??"]
[Source "www.chesslib.no"]
[SourceDate "2004.05.04"]

1. e4 e5 2. Nf3 Nc6 3. Bb5 a6 4. Bxc6 dxc6 5. d4 exd4 6. Qxd4 Qxd4 7. Nxd4 Bd7 8. Nc3 O-O-O 9. Be3 Bb4 10. Nde2 Ne7 11. a3 Bd6 12. O-O-O Ng6 13. f4 Rhe8 14. Rhf1 f6 15. Rxd6 cxd6 16. Bb6 f5 17. Bxd8 Kxd8 18. Ng3 Nh4 19. Rf2 Kc7 20. Nxf5 Bxf5 21. exf5 h5 22. Kd2 d5 23. g3 Nxf5 24. Re2 Rf8 25. Re5 Kd6 26. Ne2 g5 27. c3 gxf4 28. gxf4 h4 29. Ng1 Kc5 30. Kc2 Rg8 31. Nf3 Rg2+ 32. Kd3 Rf2 33. Ng5 Rxf4 34. Ne6+ Kd6 35. Nxf4 Kxe5 36. Ne2 c5 37. b3 b5 38. c4 dxc4+ 39. bxc4 b4 40. axb4 cxb4 41. Ng1 Nd4 42. Nh3 Nf3 43. c5 Kd5 44. Nf4+ Kxc5 45. h3 a5 46. Ng2 b3 47. Kc3 a4 48. Ne3 Nd4 49. Ng2 Nb5+ 50. Kb2 Kb4 51. Ne1 a3+ 52. Kc1 b2+ 53. Kc2 Nd4+ 0-1

[Event "GRE-ch"]
[Site "?"]
[Date "1997.??.??"]
[Round "?"]
[White "Kofidis Andreas"]
[Black "Lirindzakis Timotheos"]
[Result "1-0"]
[WhiteElo "2400"]
[BlackElo "2380"]
[PlyCount "91"]
[EventDate "1997.??.??"]
[Source "www.chesslib.no"]
[SourceDate "2004.05.04"]

1. e4 e5 2. Nf3 Nc6 3. Bb5 a6 4. Bxc6 dxc6 5. d4 exd4 6. Qxd4 Qxd4 7. Nxd4 Bd7 8. O-O O-O-O 9. Be3 Ne7 10. Nc3 Ng6 11. Rad1 Bd6 12. Nb3 Be6 13. Nc5 Bc4 14. Rfe1 f6 15. b3 Bf7 16. Nd3 Rhe8 17. f3 b6 18. g3 Ne5 19. Nxe5 Bxe5 20. Ne2 c5 21. Bf4 Bxf4 22. gxf4 Rxd1 23. Rxd1 Rd8 24. Rxd8+ Kxd8 25. Kf2 Kd7 26. Ke3 Kd6 27. c4 c6 28. Ng3 g6 29. h4 Bg8 30. Kd3 Bf7 31. a3 Be8 32. a4 Bd7 33. a5 bxa5 34. e5+ Ke7 35. Ne4 fxe5 36. fxe5 Bf5 37. Ke3 Be6 38. Nxc5 Bc8 39. Kd4 h6 40. f4 Kf7 41. Ne4 Ke6 42. Nd6 Bd7 43. Kc5 g5 44. fxg5 hxg5 45. hxg5 Kxe5 46. Nb7 1-0

[Event "Las Palmas Open"]
[Site "Las Palmas ESP"]
[Date "1989.??.??"]
[Round "?"]
[White "Villavicencio Martinez, Adalberto"]
[Black "Hebden, Mark L"]
[Result "0-1"]
[WhiteElo "2325"]
[BlackElo "2455"]
[PlyCount "64"]
[EventDate "1989.05.??"]
[Source "www.chesslib.no"]
[SourceDate "2004.05.04"]

1. e4 e5 2. Nf3 Nc6 3. Bb5 a6 4. Bxc6 dxc6 5. d4 exd4 6. Qxd4 Qxd4 7. Nxd4 Bd7 8. Be3 O-O-O 9. Nd2 Re8 10. O-O-O c5 11. Ne2 b6 12. Nc3 Ne7 13. Rhe1 g6 14. Bf4 Bg7 15. Nf3 Bxc3 16. bxc3 Be6 17. a3 f6 18. e5 f5 19. Ng5 Nc6 20. h4 h6 21. Nxe6 Rxe6 22. Rd3 h5 23. Bg5 Rxe5 24. Rxe5 Nxe5 25. Re3 Nc4 26. Re6 Rg8 27. a4 Rg7 28. Bh6 Kd7 29. Rf6 Re7 30. Kd1 Re6 31. Rf7+ Kc6 32. Bc1 Nd6 0-1

[Event "ISL-ch"]
[Site "Reykjavik"]
[Date "1995.??.??"]
[Round "4"]
[White "Fridjonsson, Julius"]
[Black "Hjartarson, Johann"]
[Result "0-1"]
[WhiteElo "2210"]
[BlackElo "2570"]
[PlyCount "62"]
[EventDate "1995.??.??"]
[Source "ChessBase"]

1. e4 e5 2. Nf3 Nc6 3. Bb5 a6 4. Bxc6 dxc6 5. d4 exd4 6. Qxd4 Qxd4 7. Nxd4 Bd7 8. Be3 O-O-O 9. Nc3 c5 10. Nde2 Bc6 11. f3 b6 12. Kf2 g6 13. Rad1 Re8 14. Nd5 Bg7 15. b3 f5 16. exf5 Bxd5 17. Rxd5 Ne7 18. Rd3 Nxf5 19. c3 Rhf8 20. Re1 Rf7 21. Ng3 Nd6 22. c4 Rfe7 23. Re2 Be5 24. Rdd2 Re6 25. Rc2 h5 26. Bg5 Nf7 27. Bc1 h4 28. Nf1 Bd4+ 29. Ke1 Ne5 30. h3 Nd3+ 31. Kd1 Rxe2 0-1

[Event "ARG-ch"]
[Site "Pena City"]
[Date "1996.??.??"]
[Round "9"]
[White "Dorin, Mauricio"]
[Black "Sorin, Ariel"]
[Result "1-0"]
[WhiteElo "2290"]
[BlackElo "2485"]
[PlyCount "109"]
[EventDate "1996.10.??"]
[Source "ChessBase"]

1. e4 e5 2. Nf3 Nc6 3. Bb5 a6 4. Bxc6 dxc6 5. d4 exd4 6. Qxd4 Qxd4 7. Nxd4 Bd7 8. Be3 O-O-O 9. Nc3 Bd6 10. O-O-O Ne7 11. Nb3 Ng6 12. Nc5 Be8 13. Nd3 b6 14. f4 f6 15. g3 c5 16. f5 Ne7 17. Bf4 Bf7 18. Bxd6 cxd6 19. g4 d5 20. exd5 Nxd5 21. Nxd5 Bxd5 22. Rhg1 Bxa2 23. g5 Bd5 24. Rde1 Rhe8 25. gxf6 gxf6 26. Nf4 Rxe1+ 27. Rxe1 Bf7 28. Rg1 Rd4 29. Rg7 Rxf4 30. Rxf7 Rf1+ 31. Kd2 Rf2+ 32. Kd3 Rxh2 33. b3 h5 34. Rxf6 Kb7 35. Rh6 h4 36. f6 Rf2 37. Ke3 Rf1 38. Ke4 h3 39. Ke5 Rf3 40. Ke6 b5 41. f7 Re3+ 42. Kd7 Rf3 43. Ke7 Re3+ 44. Kf6 Rf3+ 45. Kg7 Rg3+ 46. Kf8 Re3 47. Rh8 Kc6 48. Kg7 Rg3+ 49. Kf6 Rf3+ 50. Ke7 c4 51. bxc4 b4 52. Rxh3 Rxf7+ 53. Kxf7 Kc5 54. Rh6 a5 55. Rh5+ 1-0

[Event "BUL Ch"]
[Site "Bulgaria"]
[Date "1988.??.??"]
[Round "?"]
[White "Georgiev, Krum I"]
[Black "Tsvetkov, Ilia"]
[Result "1-0"]
[WhiteElo "2490"]
[BlackElo "2285"]
[PlyCount "83"]
[EventDate "1988.08.??"]
[Source "www.chesslib.no"]
[SourceDate "2004.05.04"]

1. e4 e5 2. Nf3 Nc6 3. Bb5 a6 4. Bxc6 dxc6 5. d4 exd4 6. Qxd4 Qxd4 7. Nxd4 Bd7 8. Nc3 O-O-O 9. Be3 Bb4 10. Nde2 Ne7 11. O-O-O Rhe8 12. h4 f5 13. f3 fxe4 14. Nxe4 Bf5 15. Rxd8+ Rxd8 16. N2g3 Be6 17. Bc5 Bxc5 18. Nxc5 Bf7 19. Re1 Re8 20. Kd2 Rd8+ 21. Kc1 Re8 22. a3 b6 23. Nd3 c5 24. Kd2 Nd5 25. Rxe8+ Bxe8 26. Nf5 g6 27. Ne3 Nf6 28. Ne5 Kd8 29. g4 Ke7 30. Kd3 Ke6 31. f4 Nd5 32. Nxd5 Kxd5 33. c4+ Ke6 34. Ke4 Ba4 35. f5+ gxf5+ 36. gxf5+ Kd6 37. Nf7+ Ke7 38. Ng5 h6 39. Ne6 Kf6 40. Nxc7 Bc2+ 41. Kf4 Bxf5 42. Ne8+ 1-0

[Event "Moscow-C"]
[Site "Moscow"]
[Date "1996.??.??"]
[Round "?"]
[White "Klichev, Mikhail"]
[Black "Vorotnikov, Vladislav V"]
[Result "0-1"]
[WhiteElo "2260"]
[BlackElo "2505"]
[PlyCount "46"]
[EventDate "1996.??.??"]
[Source "www.chesslib.no"]
[SourceDate "2004.05.04"]

1. e4 e5 2. Nf3 Nc6 3. Bb5 a6 4. Bxc6 dxc6 5. d4 exd4 6. Qxd4 Qxd4 7. Nxd4 Bd7 8. Be3 O-O-O 9. Nc3 Bd6 10. O-O-O Ne7 11. f4 f6 12. a3 c5 13. Nb3 b6 14. Nd2 Ng6 15. Rhf1 b5 16. Nb3 b4 17. axb4 cxb4 18. Nd5 Bb5 19. Rfe1 Rhe8 20. Bd2 c6 21. f5 cxd5 22. fxg6 hxg6 23. exd5 Be2 0-1

[Event "HUN-chT"]
[Site "HUN"]
[Date "1992.??.??"]
[Round "?"]
[White "Horvath, Tamas"]
[Black "Zsinka, Laszlo"]
[Result "1/2-1/2"]
[WhiteElo "2410"]
[BlackElo "2355"]
[PlyCount "22"]
[EventDate "1992.??.??"]
[Source "www.chesslib.no"]
[SourceDate "2004.05.04"]

1. e4 e5 2. Nf3 Nc6 3. Bb5 a6 4. Bxc6 dxc6 5. d4 exd4 6. Qxd4 Qxd4 7. Nxd4 Bd7 8. Nc3 O-O-O 9. Be3 Nf6 10. f3 Bd6 11. O-O-O Rde8 1/2-1/2